000 00601cam a22002411 4500
001 sa 65002597
003 DLC
005 20260227112117.0
008 890428s1963 ii b 000 0 maro
010 _asa 65002597
035 _a(OCoLC)19620733
040 _aDLC
_cWaU
_dDLC
042 _apremarc
043 _aa-ii---
050 0 0 _aDS427
_b.J6
100 1 _aJoga, Ba. Nā.
245 1 0 _aĀdhunika Bhāratāntīla yakshapraśna.
260 _c[1963]
300 _a124, [5] p.
_c22 cm.
500 _aIn Marathi.
504 _aBibliography: p. [5] (last group)
650 0 _aMuslims
_zIndia.
999 _c62713
_d62713